<?xml version="1.0" encoding="UTF-8"?>
<record
    xmlns:xsi="http://www.w3.org/2001/XMLSchema-instance"
    xsi:schemaLocation="http://www.loc.gov/MARC21/slim http://www.loc.gov/standards/marcxml/schema/MARC21slim.xsd"
    xmlns="http://www.loc.gov/MARC21/slim">

  <leader>01553nam a2200241Ia 4500</leader>
  <datafield tag="999" ind1=" " ind2=" ">
    <subfield code="c">51677</subfield>
    <subfield code="d">51677</subfield>
  </datafield>
  <controlfield tag="001">18668</controlfield>
  <controlfield tag="003">GE_BSU</controlfield>
  <controlfield tag="005">20210412170534.0</controlfield>
  <controlfield tag="008">181216s2015||||ge |||||||||||||| ||geo||</controlfield>
  <datafield tag="040" ind1=" " ind2=" ">
    <subfield code="c">GE_BSU</subfield>
  </datafield>
  <datafield tag="041" ind1=" " ind2=" ">
    <subfield code="a">geo</subfield>
  </datafield>
  <datafield tag="080" ind1=" " ind2=" ">
    <subfield code="a">53 &#x10EE;-35</subfield>
  </datafield>
  <datafield tag="100" ind1=" " ind2=" ">
    <subfield code="a">&#x10EE;&#x10D0;&#x10EF;&#x10D8;&#x10E8;&#x10D5;&#x10D8;&#x10DA;&#x10D8;, &#x10DB;&#x10D8;&#x10E0;&#x10D0;&#x10DC;&#x10D3;&#x10D0;</subfield>
    <subfield code="9">11241</subfield>
  </datafield>
  <datafield tag="245" ind1=" " ind2=" ">
    <subfield code="a">&#x10D2;&#x10D0;&#x10E0;&#x10D4;&#x10DB;&#x10DD;&#x10E1; &#x10D0;&#x10E0;&#x10D0;&#x10D4;&#x10E0;&#x10D7;&#x10D2;&#x10D5;&#x10D0;&#x10E0;&#x10DD;&#x10D5;&#x10DC;&#x10D4;&#x10D1;&#x10D8;&#x10E1;&#x10D0; &#x10D3;&#x10D0; &#x10E1;&#x10E2;&#x10D0;&#x10E2;&#x10D8;&#x10E1;&#x10E2;&#x10D8;&#x10D9;&#x10E3;&#x10E0;&#x10D8; &#x10DB;&#x10D0;&#x10EE;&#x10D0;&#x10E1;&#x10D8;&#x10D0;&#x10D7;&#x10D4;&#x10D1;&#x10DA;&#x10D4;&#x10D1;&#x10D8;&#x10E1; &#x10D2;&#x10D0;&#x10D5;&#x10DA;&#x10D4;&#x10DC;&#x10D0; &#x10E0;&#x10D0;&#x10D3;&#x10D8;&#x10DD;&#x10E1;&#x10D8;&#x10D2;&#x10DC;&#x10D0;&#x10DA;&#x10D8;&#x10E1; &#x10D2;&#x10D0;&#x10D5;&#x10E0;&#x10EA;&#x10D4;&#x10DA;&#x10D4;&#x10D1;&#x10D0;&#x10D6;&#x10D4; /</subfield>
    <subfield code="c">&#x10DB;&#x10D8;&#x10E0;&#x10D0;&#x10DC;&#x10D3;&#x10D0; &#x10EE;&#x10D0;&#x10EF;&#x10D8;&#x10E8;&#x10D5;&#x10D8;&#x10DA;&#x10D8;; &#x10E1;&#x10D0;&#x10DB;&#x10D4;&#x10EA;&#x10DC;&#x10D8;&#x10D4;&#x10E0;&#x10DD; &#x10EE;&#x10D4;&#x10DA;&#x10DB;&#x10EB;&#x10E6;&#x10D5;&#x10D0;&#x10DC;&#x10D4;&#x10DA;&#x10D8; &#x10DC;. &#x10E6;&#x10DD;&#x10DB;&#x10D8;&#x10EB;&#x10D4;; &#x10D1;&#x10D0;&#x10D7;&#x10E3;&#x10DB;&#x10D8;&#x10E1; &#x10E8;&#x10DD;&#x10D7;&#x10D0; &#x10E0;&#x10E3;&#x10E1;&#x10D7;&#x10D0;&#x10D5;&#x10D4;&#x10DA;&#x10D8;&#x10E1; &#x10E1;&#x10D0;&#x10EE;-&#x10E4;&#x10DD; &#x10E3;&#x10DC;-&#x10E2;&#x10D8;.</subfield>
  </datafield>
  <datafield tag="264" ind1=" " ind2=" ">
    <subfield code="a">&#x10D1;&#x10D0;&#x10D7;&#x10E3;&#x10DB;&#x10D8;,</subfield>
    <subfield code="c">2015.</subfield>
  </datafield>
  <datafield tag="300" ind1=" " ind2=" ">
    <subfield code="a">156 &#x10D2;&#x10D5;.</subfield>
    <subfield code="b">30 &#x10E1;&#x10DB;.</subfield>
  </datafield>
  <datafield tag="653" ind1=" " ind2=" ">
    <subfield code="a">&#x10D2;&#x10D0;&#x10E0;&#x10D4;&#x10DB;&#x10DD;&#x10E1; &#x10D0;&#x10E0;&#x10D0;&#x10D4;&#x10E0;&#x10D7;&#x10D2;&#x10D5;&#x10D0;&#x10E0;&#x10DD;&#x10D5;&#x10DC;&#x10D4;&#x10D1;&#x10D8;&#x10E1;&#x10D0; &#x10D3;&#x10D0; &#x10E1;&#x10E2;&#x10D0;&#x10E2;&#x10D8;&#x10E1;&#x10E2;&#x10D8;&#x10D9;&#x10E3;&#x10E0;&#x10D8; &#x10DB;&#x10D0;&#x10EE;&#x10D0;&#x10E1;&#x10D8;&#x10D0;&#x10D7;&#x10D4;&#x10D1;&#x10DA;&#x10D4;&#x10D1;&#x10D8;&#x10E1; &#x10D2;&#x10D0;&#x10D5;&#x10DA;&#x10D4;&#x10DC;&#x10D0; &#x10E0;&#x10D0;&#x10D3;&#x10D8;&#x10DD;&#x10E1;&#x10D8;&#x10D2;&#x10DC;&#x10D0;&#x10DA;&#x10D8;&#x10E1; &#x10D2;&#x10D0;&#x10D5;&#x10E0;&#x10EA;&#x10D4;&#x10DA;&#x10D4;&#x10D1;&#x10D0;&#x10D6;&#x10D4;</subfield>
  </datafield>
  <datafield tag="653" ind1=" " ind2=" ">
    <subfield code="a">&#x10D3;&#x10D8;&#x10E1;&#x10D4;&#x10E0;&#x10E2;&#x10D0;&#x10EA;&#x10D8;&#x10D0;</subfield>
  </datafield>
  <datafield tag="653" ind1=" " ind2=" ">
    <subfield code="a">&#x10E4;&#x10D8;&#x10D6;&#x10D8;&#x10D9;&#x10D0;</subfield>
  </datafield>
  <datafield tag="700" ind1=" " ind2=" ">
    <subfield code="a">&#x10E6;&#x10DD;&#x10DB;&#x10D8;&#x10EB;&#x10D4;,  &#x10DC;. </subfield>
    <subfield code="e">&#x10E1;&#x10D0;&#x10DB;&#x10D4;&#x10EA;&#x10DC;&#x10D8;&#x10D4;&#x10E0;&#x10DD; &#x10EE;&#x10D4;&#x10DA;&#x10DB;&#x10EB;&#x10E6;&#x10D5;&#x10D0;&#x10DC;&#x10D4;&#x10DA;&#x10D8;</subfield>
    <subfield code="9">6225</subfield>
  </datafield>
  <datafield tag="710" ind1=" " ind2=" ">
    <subfield code="a">&#x10D1;&#x10D0;&#x10D7;&#x10E3;&#x10DB;&#x10D8;&#x10E1; &#x10E8;&#x10DD;&#x10D7;&#x10D0; &#x10E0;&#x10E3;&#x10E1;&#x10D7;&#x10D0;&#x10D5;&#x10D4;&#x10DA;&#x10D8;&#x10E1; &#x10E1;&#x10D0;&#x10EE;-&#x10E4;&#x10DD; &#x10E3;&#x10DC;-&#x10E2;&#x10D8;</subfield>
    <subfield code="9">11242</subfield>
  </datafield>
  <datafield tag="942" ind1=" " ind2=" ">
    <subfield code="c">BK</subfield>
    <subfield code="2">udc</subfield>
  </datafield>
  <datafield tag="952" ind1=" " ind2=" ">
    <subfield code="0">0</subfield>
    <subfield code="1">0</subfield>
    <subfield code="2">udc</subfield>
    <subfield code="4">0</subfield>
    <subfield code="6">53_&#x10EE;35</subfield>
    <subfield code="7">0</subfield>
    <subfield code="9">71825</subfield>
    <subfield code="a">CPL</subfield>
    <subfield code="b">CPL</subfield>
    <subfield code="c">GEN</subfield>
    <subfield code="d">2018-12-17</subfield>
    <subfield code="o">53 &#x10EE;-35</subfield>
    <subfield code="p">225 &#x10D3;&#x10D8;&#x10E1;&#x10D4;&#x10E0;&#x10E2;.</subfield>
    <subfield code="r">2018-12-17</subfield>
    <subfield code="t">225</subfield>
    <subfield code="w">2018-12-17</subfield>
    <subfield code="y">DS</subfield>
  </datafield>
</record>
